MARC details
| 000 -CABECERA |
| campo de control de longitud fija |
01358nam a2200277 a 4500 |
| 001 - NÚMERO DE CONTROL |
| campo de control |
000000638 |
| 005 - FECHA Y HORA DE LA ÚLTIMA TRANSACCIÓN |
| campo de control |
20240510073817.0 |
| 008 - DATOS DE LONGITUD FIJA--INFORMACIÓN GENERAL |
| campo de control de longitud fija |
090331s2006 dr 000 0 spa d |
| 020 ## - NÚMERO INTERNACIONAL ESTÁNDAR DEL LIBRO |
| ISBN cancelado o inválido |
9993432058 |
| 040 ## - FUENTE DE LA CATALOGACIÓN |
| Centro catalogador/agencia de origen |
DO-SdBNP |
| Lengua de catalogación |
spa |
| Centro/agencia transcriptor |
BNPHU |
| 082 ## - NÚMERO DE LA CLASIFICACIÓN DECIMAL DEWEY |
| Número de clasificación |
248.4 |
| Número de documento/Ítem |
S211b |
| 100 1# - ENTRADA PRINCIPAL--NOMBRE DE PERSONA |
| Nombre de persona |
Sánchez, Susana |
| 9 (RLIN) |
2135 |
| 245 13 - MENCIÓN DE TÍTULO |
| Título |
El buen humor de Dios : |
| Resto del título |
gozo en medio de la prueba y el sufrimiento / |
| Mención de responsabilidad, etc. |
Susana Sánchez. |
| 260 ## - PUBLICACIÓN, DISTRIBUCIÓN, ETC. |
| Lugar de publicación, distribución, etc. |
Santo Domingo : |
| Nombre del editor, distribuidor, etc. |
Letras Gráficas, |
| Fecha de publicación, distribución, etc. |
2006. |
| 300 ## - DESCRIPCIÓN FÍSICA |
| Extensión |
261 p. ; |
| Dimensiones |
23 cm. |
| 490 1# - MENCIÓN DE SERIE |
| Mención de serie |
Pensamiento teológico |
| 504 ## - NOTA DE BIBLIOGRAFÍA, ETC. |
| Nota de bibliografía, etc. |
Bibliografía p: 255-261 |
| 500 ## - NOTA GENERAL |
| Nota general |
Incluye datos biografícos de la autora en la solapa de la cubierta. |
| 505 0# - NOTA DE CONTENIDO CON FORMATO |
| Título |
Preámbulo -- |
| -- |
Prefacio -- |
| -- |
Introducción -- |
| -- |
El buen humor de Dios -- |
| -- |
Los jardines de la conformidad -- |
| -- |
La región del Caribe -- |
| -- |
Fortalecimiento nuestro espiritualidad del desierto árido al agua del espíritu -- |
| -- |
La marcha por desierto de muerte -- |
| -- |
Los bellos valles del estancamiento -- |
| -- |
El testimonio del gozo en medio de la prueba -- |
| -- |
Hacia una pastoral de consolación para el Caribe y América Latina del siglo XXI -- |
| -- |
Bibliografía. |
| 590 ## - NOTA LOCAL (RLIN) |
| Nota local |
Inventariado, 2018/ YL |
| 650 #0 - PUNTO DE ACCESO ADICIONAL DE MATERIA--TÉRMINO DE MATERIA |
| Término de materia o nombre geográfico como elemento de entrada |
Vida cristiana |
| 9 (RLIN) |
668 |
| 650 #4 - PUNTO DE ACCESO ADICIONAL DE MATERIA--TÉRMINO DE MATERIA |
| Término de materia o nombre geográfico como elemento de entrada |
Sufrimiento |
| 9 (RLIN) |
2136 |
| 650 #4 - PUNTO DE ACCESO ADICIONAL DE MATERIA--TÉRMINO DE MATERIA |
| Término de materia o nombre geográfico como elemento de entrada |
Misericordia divina |
| 9 (RLIN) |
2137 |
| 830 #0 - PUNTO DE ACCESO ADICIONAL DE SERIE-TÍTULO UNIFORME |
| Título uniforme |
Pensamiento teológico |
| 9 (RLIN) |
2138 |
| 910 ## - DATOS DE OPCIÓN DEL USUARIO (OCLC) |
| Datos de opción del usuario |
Validado. Control de calidad MMOLINA |